[Event "Mazowiec-chT op 2013"]
[Site "Poland"]
[Date "2013.12.08"]
[Round "9.3"]
[White "Kowalska, Elzbieta"]
[Black "Zielinski, Michal"]
[Result "0-1"]
[WhiteElo "1916"]
[BlackElo "1694"]
[PlyCount "82"]
[EventDate "2013.09.29"]
[EventType "team-swiss"]
[EventRounds "10"]
[EventCountry "POL"]
[SourceTitle "EXT 2019"]
[Source "ChessBase"]
[SourceDate "2018.10.10"]
[SourceVersion "1"]
[SourceVersionDate "2018.10.10"]
[SourceQuality "1"]

1. e4 c5 2. Nf3 d6 3. d4 cxd4 4. Nxd4 Nf6 5. Nc3 a6 6. Bc4 e6 7. Bb3 Be7 8. 0-0 0-0 9. f4 Nc6 10. Be3 Nxd4 11. Bxd4 b5 12. a3 Bb7 13. Qe2 Qc7 14. Rad1 Bc6 15. f5 e5 16. Bf2 Qb7 17. Nd5 Bxd5 18. Bxd5 Nxd5 19. Rxd5 f6 20. Be1 Rac8 21. Bb4 Rc6 22. Rfd1 Qc7 23. Bc3 Rc4 24. R1d3 Rc8 25. Qe3 Bf8 26. h4 Qf7 27. g4 g6 28. b3 R4c6 29. Qg3 Kh8 30. Rf3 gxf5 31. gxf5 Be7 32. Kf1 Rg8 33. Qf2 Bd8 34. Rg3 Bb6 35. Qf3 Bc5 36. b4 Ba7 37. Rd2 Rxg3 38. Qxg3 Qc4+ 39. Qd3 Qxc3 40. Qxc3 Rxc3 41. Rxd6 Bc5 0-1

[Event "POL-chT2"]
[Site "Poronin"]
[Date "2013.09.15"]
[Round "9.78"]
[White "Kowalska, Elzbieta"]
[Black "Gonsior, Monika"]
[Result "1/2-1/2"]
[WhiteElo "1916"]
[BlackElo "2010"]
[PlyCount "120"]
[EventDate "2013.09.06"]
[EventType "team-swiss"]
[EventRounds "9"]
[EventCountry "POL"]
[SourceTitle "EXT 2015"]
[Source "ChessBase"]
[SourceDate "2014.11.20"]
[SourceVersion "1"]
[SourceVersionDate "2014.11.20"]
[SourceQuality "1"]
[WhiteTeam "Strzelce Opolskie Strzelec"]
[BlackTeam "Czerwionka Leszczyny Skoczek"]
[WhiteTeamCountry "POL"]
[BlackTeamCountry "POL"]

1. e4 d6 2. d4 g6 3. Nf3 Bg7 4. Be2 c5 5. 0-0 Nd7 6. c3 Ngf6 7. Nbd2 0-0 8. d5 Nh5 9. g3 Re8 10. Nh4 Ndf6 11. Ng2 Bh3 12. f3 a6 13. Nc4 Bxg2 14. Kxg2 b5 15. Na3 Nd7 16. Nc2 Nb6 17. g4 Nf6 18. Bg5 e5 19. b3 Rb8 20. a4 Re7 21. axb5 axb5 22. Na3 b4 23. cxb4 cxb4 24. Nc2 Reb7 25. Nxb4 Nfxd5 26. Bxd8 Ne3+ 27. Kf2 Nxd1+ 28. Rfxd1 Rxd8 29. Rac1 Bh6 30. Rc2 Nc8 31. Nc6 Rc7 32. b4 Na7 33. b5 Rdc8 34. Nxa7 Rxc2 35. Nxc8 Rxc8 36. Rxd6 Bf8 37. Rc6 Rxc6 38. bxc6 Bc5+ 39. Ke1 Bb6 40. Kd2 Kf8 41. Kc3 Ke7 42. Kc4 Kd6 43. Kb5 Kc7 44. g5 Be3 45. Bc4 Bxg5 46. Bxf7 Bf4 47. h3 g5 48. Kc5 Bd2 49. Kd5 Bc3 50. Bh5 h6 51. Bg6 Bb2 52. Bf7 Bc3 53. Bg6 Bb2 54. Bf5 Bc3 55. Bd7 Bb2 56. Ke6 Bc3 57. Kf6 Bd4 58. Kg6 Be3 59. Kh5 Bf4 60. Kg6 Be3 1/2-1/2

[Event "POL-chT2"]
[Site "Poronin"]
[Date "2013.09.13"]
[Round "7.84"]
[White "Chrzaszcz, Malvina"]
[Black "Kowalska, Elzbieta"]
[Result "1-0"]
[WhiteElo "2051"]
[BlackElo "1916"]
[PlyCount "51"]
[EventDate "2013.09.06"]
[EventType "team-swiss"]
[EventRounds "9"]
[EventCountry "POL"]
[SourceTitle "EXT 2015"]
[Source "ChessBase"]
[SourceDate "2014.11.20"]
[SourceVersion "1"]
[SourceVersionDate "2014.11.20"]
[SourceQuality "1"]
[WhiteTeam "Myslenice MLKSz"]
[BlackTeam "Strzelce Opolskie Strzelec"]
[WhiteTeamCountry "POL"]
[BlackTeamCountry "POL"]

1. e4 c5 2. Nf3 Nc6 3. d4 cxd4 4. Nxd4 Nf6 5. Nc3 d6 6. Be3 e5 7. Nb3 Be7 8. f3 0-0 9. Qd2 a6 10. 0-0-0 b5 11. g4 Na5 12. g5 Nd7 13. Nd5 Nb7 14. Kb1 Ndc5 15. h4 Be6 16. Bh3 Re8 17. Qg2 Bxd5 18. exd5 Qc7 19. h5 Bf8 20. g6 fxg6 21. hxg6 h6 22. Nxc5 Nxc5 23. Rdg1 a5 24. Bxc5 dxc5 25. Be6+ Kh8 26. Bf7 1-0

[Event "POL-chT2"]
[Site "Poronin"]
[Date "2013.09.09"]
[Round "3.78"]
[White "Byrka, Joanna"]
[Black "Kowalska, Elzbieta"]
[Result "1-0"]
[WhiteElo "1941"]
[BlackElo "1916"]
[PlyCount "131"]
[EventDate "2013.09.06"]
[EventType "team-swiss"]
[EventRounds "9"]
[EventCountry "POL"]
[SourceTitle "EXT 2015"]
[Source "ChessBase"]
[SourceDate "2014.11.20"]
[SourceVersion "1"]
[SourceVersionDate "2014.11.20"]
[SourceQuality "1"]
[WhiteTeam "Czarna LKSz GCKiP"]
[BlackTeam "Strzelce Opolskie Strzelec"]
[WhiteTeamCountry "POL"]
[BlackTeamCountry "POL"]

1. e4 c5 2. Nf3 Nc6 3. d4 cxd4 4. Nxd4 Nf6 5. Nc3 d6 6. Bg5 e6 7. Qd2 a6 8. f3 Bd7 9. 0-0-0 h6 10. Be3 b5 11. g4 b4 12. Nce2 d5 13. Nxc6 Bxc6 14. Nd4 Bb7 15. e5 Nd7 16. f4 Bc5 17. Rg1 Qc7 18. Kb1 Nb6 19. b3 Nd7 20. h4 0-0-0 21. Rg3 Qa5 22. Qf2 Be7 23. Bd3 Bxh4 24. Qg2 Bxg3 25. Qxg3 Nc5 26. f5 Rde8 27. Rf1 Ne4 28. Bxe4 dxe4 29. fxe6 fxe6 30. Rf7 Rhg8 31. Qf4 Qd8 32. Qf2 Re7 33. Rf4 Bd5 34. Qf1 Kb7 35. Qe1 a5 36. Nb5 Rf8 37. Nd6+ Kb8 38. Bb6 Qxb6 39. Rxf8+ Kc7 40. Qf1 Bb7 41. Qc4+ Qc6 42. Qd4 Qd5 43. Qa7 Kc6 44. Rb8 Qxe5 45. Nxb7 Rc7 46. Nxa5+ Kd7 47. Rb7 Qc3 48. Rxc7+ Qxc7 49. Qxc7+ Kxc7 50. Kc1 Kd6 51. Kd2 g6 52. Ke3 Kd5 53. Nc4 h5 54. gxh5 gxh5 55. Nd2 h4 56. Nxe4 h3 57. Nf6+ Ke5 58. Ng4+ Kd5 59. Kd3 e5 60. Ke3 e4 61. Nf6+ Ke5 62. Nxe4 h2 63. Nf2 Kf5 64. Kf3 Ke5 65. Kg2 Kd4 66. Nd3 1-0

[Event "POL-chT2"]
[Site "Poronin"]
[Date "2013.09.07"]
[Round "1.77"]
[White "Stepien, Marcin"]
[Black "Kowalska, Elzbieta"]
[Result "1-0"]
[WhiteElo "2158"]
[BlackElo "1916"]
[PlyCount "119"]
[EventDate "2013.09.06"]
[EventType "team-swiss"]
[EventRounds "9"]
[EventCountry "POL"]
[SourceTitle "EXT 2015"]
[Source "ChessBase"]
[SourceDate "2014.11.20"]
[SourceVersion "1"]
[SourceVersionDate "2014.11.20"]
[SourceQuality "1"]
[WhiteTeam "Wisznia Mala OKSiR"]
[BlackTeam "Strzelce Opolskie Strzelec"]
[WhiteTeamCountry "POL"]
[BlackTeamCountry "POL"]

1. e4 c5 2. Nc3 Nc6 3. Bb5 Nd4 4. Bc4 d6 5. Nf3 e5 6. d3 Be6 7. Nd5 b5 8. Nxd4 bxc4 9. Nxe6 fxe6 10. Ne3 cxd3 11. Qxd3 Nf6 12. 0-0 Be7 13. Nc4 0-0 14. Rd1 Ne8 15. Qh3 Qc8 16. Be3 Rb8 17. b3 Rf7 18. Rd3 Bf8 19. Rad1 Rf6 20. Bg5 Rg6 21. Qh4 Qc7 22. Qh5 Qf7 23. Rf3 Rf6 24. Qxf7+ Rxf7 25. Rfd3 h6 26. Be3 g5 27. h3 Kg7 28. Bd2 Rc8 29. g3 Be7 30. Kg2 Kh7 31. f3 h5 32. Rf1 Rg7 33. Kh2 Rc6 34. Bc3 Rf7 35. Bxe5 Ra6 36. Bb2 Rxa2 37. Ra1 Rxa1 38. Bxa1 Kg6 39. Kg2 Bf8 40. Bc3 Rb7 41. f4 gxf4 42. gxf4 Rf7 43. Kf3 Kh7 44. Be1 Bh6 45. f5 exf5 46. e5 dxe5 47. Nxe5 Re7 48. Rd7 Rxd7 49. Nxd7 Kg6 50. Nxc5 Bf8 51. Na6 Bd6 52. Bf2 Kg5 53. h4+ Kf6 54. Bxa7 Ke5 55. Bf2 f4 56. c4 Ng7 57. b4 Ne6 58. b5 Nd4+ 59. Bxd4+ Kxd4 60. c5 1-0

[Event "Warsaw-ch opA 66th"]
[Site "Warsaw"]
[Date "2013.05.12"]
[Round "2"]
[White "Kowalska, Elzbieta"]
[Black "Sadowski, Miroslaw"]
[Result "0-1"]
[WhiteElo "1891"]
[BlackElo "2148"]
[PlyCount "98"]
[EventDate "2013.05.11"]
[EventType "swiss"]
[EventRounds "9"]
[EventCountry "POL"]
[SourceTitle "CBM 154 Extra"]
[Source "ChessBase"]
[SourceDate "2013.06.25"]
[SourceVersion "2"]
[SourceVersionDate "2013.06.25"]
[SourceQuality "1"]

1. e4 g6 2. d4 Bg7 3. Bc4 d6 4. c3 Nf6 5. Nd2 0-0 6. Ne2 c5 7. 0-0 Nc6 8. f4 cxd4 9. cxd4 Bg4 10. d5 Na5 11. Bd3 Qb6+ 12. Kh1 Nh5 13. Nf3 Rac8 14. h3 Bd7 15. g4 Nf6 16. Ng3 Bb5 17. Qe2 Bxd3 18. Qxd3 Qa6 19. Qxa6 bxa6 20. Bd2 Nc4 21. Bc3 Nd7 22. Bxg7 Kxg7 23. b3 Ne3 24. Rfc1 Nc2 25. Rab1 Rc3 26. Kg2 Rfc8 27. Kf2 Nb4 28. Rxc3 Rxc3 29. Ne2 Rc2 30. a3 Nd3+ 31. Ke3 N3c5 32. Nfd4 Ra2 33. a4 Nf6 34. Nc6 Nfxe4 35. Re1 Rd2 36. Nc1 a5 37. Nxa5 f5 38. Nc6 Kf6 39. Nxa7 Rh2 40. g5+ Kf7 41. a5 Rxh3+ 42. Kd4 Nd2 43. Re3 Ndxb3+ 44. Rxb3 Rxb3 45. Nxb3 Nxb3+ 46. Kc4 Nxa5+ 47. Kb5 Nb7 48. Kc6 Nc5 49. Nb5 Nd3 0-1

[Event "Mazowiec-chT op Autumn"]
[Site "Poland"]
[Date "2012.10.21"]
[Round "4.4"]
[White "Biernacki, Tomasz"]
[Black "Kowalska, Elzbieta"]
[Result "0-1"]
[WhiteElo "1229"]
[BlackElo "1898"]
[PlyCount "46"]
[EventDate "2012.10.14"]
[EventType "team-swiss"]
[EventRounds "8"]
[EventCountry "POL"]
[SourceTitle "EXT 2019"]
[Source "ChessBase"]
[SourceDate "2018.10.10"]
[SourceVersion "1"]
[SourceVersionDate "2018.10.10"]
[SourceQuality "1"]

1. Nf3 c5 2. e4 Nc6 3. b3 Nf6 4. Nc3 e5 5. Bb2 d6 6. d3 Be6 7. Ng5 Bd7 8. Be2 Nd4 9. Nf3 Ne6 10. Bc1 Be7 11. Be3 Bc6 12. Ng5 Nf4 13. Bxf4 exf4 14. Bf3 Nd7 15. Nh3 Bf6 16. Qd2 Qa5 17. Nd5 Qxd2+ 18. Kxd2 Bxd5 19. Rhe1 Bc6 20. Nxf4 0-0 21. g4 Ne5 22. Bd1 Bg5 23. Ke3 Ng6 0-1

[Event "Milanowek-ch"]
[Site "Milanowek"]
[Date "2012.07.07"]
[Round "8"]
[White "Kowalska, Elzbieta"]
[Black "Grochulski, Grzegorz"]
[Result "1/2-1/2"]
[WhiteElo "1915"]
[BlackElo "2094"]
[PlyCount "96"]
[EventDate "2012.06.30"]
[EventType "swiss"]
[EventRounds "9"]
[EventCountry "POL"]
[SourceTitle "EXT 2014"]
[Source "ChessBase"]
[SourceDate "2013.11.20"]
[SourceVersion "1"]
[SourceVersionDate "2013.11.20"]
[SourceQuality "1"]

1. e4 c5 2. Nf3 e6 3. d4 cxd4 4. Nxd4 Nf6 5. Nc3 Nc6 6. Be2 Bb4 7. Nxc6 bxc6 8. Qd3 d5 9. 0-0 0-0 10. e5 Nd7 11. Qg3 Qc7 12. Bf4 Re8 13. a3 Bf8 14. Rfe1 g6 15. h4 Bg7 16. Bf3 Rb8 17. Nd1 Ba6 18. h5 c5 19. hxg6 hxg6 20. Be2 Qa5 21. f3 Bxe2 22. Rxe2 c4 23. c3 Rb3 24. Qe1 Reb8 25. Bh2 Nc5 26. Nf2 Rxb2 27. Rxb2 Rxb2 28. Ng4 Nd7 29. Bf4 Rb3 30. Qh4 Qxc3 31. Re1 Rb8 32. Kh2 Kf8 33. Bh6 Bxh6 34. Qxh6+ Ke7 35. Re3 Qb2 36. Qh4+ Ke8 37. f4 c3 38. Nf6+ Nxf6 39. Qxf6 Qxa3 40. Rh3 Kd7 41. Qxf7+ Qe7 42. Qxg6 Kc6 43. Rxc3+ Kb7 44. Rb3+ Ka8 45. Rxb8+ Kxb8 46. Qf6 Qe8 47. g4 Qc8 48. f5 Qc2+ 1/2-1/2

[Event "Milanowek-ch"]
[Site "Milanowek"]
[Date "2012.07.04"]
[Round "5"]
[White "Kowalska, Elzbieta"]
[Black "Liberadzki, Slawomir"]
[Result "1/2-1/2"]
[WhiteElo "1915"]
[BlackElo "2088"]
[PlyCount "61"]
[EventDate "2012.06.30"]
[EventType "swiss"]
[EventRounds "9"]
[EventCountry "POL"]
[SourceTitle "EXT 2014"]
[Source "ChessBase"]
[SourceDate "2013.11.20"]
[SourceVersion "1"]
[SourceVersionDate "2013.11.20"]
[SourceQuality "1"]

1. e4 c5 2. Nf3 e6 3. d4 cxd4 4. Nxd4 Nc6 5. Nc3 Qc7 6. Be2 a6 7. 0-0 Nf6 8. Kh1 Bb4 9. f3 0-0 10. Bg5 Be7 11. f4 d6 12. Nf3 b5 13. a3 Bb7 14. Bd3 Rfd8 15. Qe2 b4 16. Nd1 h6 17. Bh4 d5 18. e5 Ne4 19. Bxe7 Qxe7 20. c3 bxc3 21. Nxc3 Nxc3 22. bxc3 Qc5 23. Rfc1 Rab8 24. h4 Na5 25. Nd4 Nc6 26. Qd2 Rdc8 27. Bc2 Nxd4 28. cxd4 Qe7 29. g3 h5 30. a4 g6 31. Bd3 1/2-1/2

[Event "Milanowek-ch"]
[Site "Milanowek"]
[Date "2012.07.02"]
[Round "3"]
[White "Kowalska, Elzbieta"]
[Black "Grabarczyk, Sylwester Piotr"]
[Result "1/2-1/2"]
[WhiteElo "1915"]
[BlackElo "1746"]
[PlyCount "121"]
[EventDate "2012.06.30"]
[EventType "swiss"]
[EventRounds "9"]
[EventCountry "POL"]
[SourceTitle "EXT 2014"]
[Source "ChessBase"]
[SourceDate "2013.11.20"]
[SourceVersion "1"]
[SourceVersionDate "2013.11.20"]
[SourceQuality "1"]

1. e4 e5 2. Nf3 d5 3. exd5 Qxd5 4. Nc3 Qe6 5. b3 c6 6. Bb2 Nd7 7. Bc4 Qe7 8. Qe2 f5 9. a4 e4 10. Nd4 Ndf6 11. Ba3 c5 12. Qd1 Qe5 13. Nde2 f4 14. d4 Qg5 15. g3 e3 16. f3 fxg3 17. hxg3 Bd6 18. Bb5+ Bd7 19. Bxd7+ Nxd7 20. Ne4 Qg6 21. Nxd6+ Qxd6 22. dxc5 Qf6 23. Nd4 Qe5 24. f4 Qe4 25. 0-0 Ngf6 26. Qd3 0-0-0 27. c6 Nb6 28. Qxe4 Nxe4 29. cxb7+ Kxb7 30. Bb2 Nxg3 31. Rf3 Rxd4 32. Rxg3 Rxf4 33. Rxe3 Rf7 34. Rae1 Nd5 35. Re5 Rd8 36. c4 Nf4 37. Re7+ Rd7 38. Rxf7 Rxf7 39. Bd4 Nh3+ 40. Kg2 Nf4+ 41. Kh2 Rd7 42. Re4 Nd3 43. Kg3 g6 44. a5 a6 45. Be3 Nb4 46. Bc5 Rd3+ 47. Re3 Rxe3+ 48. Bxe3 Nc6 49. Bd2 Nd4 50. b4 Kc6 51. Kg4 Ne6 52. Kf3 h5 53. Ke4 h4 54. Be3 g5 55. Kf5 h3 56. Bg1 Nd4+ 57. Kg4 Nc2 58. b5+ axb5 59. cxb5+ Kxb5 60. Kxh3 Kxa5 61. Kg4 1/2-1/2

[Event "Warsaw-ch opA 65th"]
[Site "Warsaw"]
[Date "2012.06.03"]
[Round "9"]
[White "Sielicki, Tomasz"]
[Black "Kowalska, Elzbieta"]
[Result "1-0"]
[WhiteElo "2011"]
[BlackElo "1927"]
[PlyCount "63"]
[EventDate "2012.05.26"]
[EventType "swiss"]
[EventRounds "9"]
[EventCountry "POL"]
[SourceTitle "CBM 148 Extra"]
[Source "ChessBase"]
[SourceDate "2012.06.22"]
[SourceVersion "1"]
[SourceVersionDate "2012.06.22"]
[SourceQuality "1"]

1. d4 Nf6 2. Bg5 Ne4 3. h4 d5 4. Nd2 Nxg5 5. hxg5 g6 6. e3 e5 7. dxe5 Qxg5 8. Ngf3 Qe7 9. c4 Be6 10. Qb3 c6 11. cxd5 Bxd5 12. Bc4 Bxc4 13. Nxc4 Qb4+ 14. Qxb4 Bxb4+ 15. Ke2 Nd7 16. Ng5 h6 17. Rad1 Ke7 18. Nxf7 Rhf8 19. Ncd6 h5 20. f4 Nb6 21. a3 Bxd6 22. Nxd6 Nd5 23. Kf3 Ke6 24. Nxb7 Rab8 25. Nc5+ Ke7 26. Rd2 Rb5 27. Rc1 g5 28. g3 gxf4 29. gxf4 Rfb8 30. e4 Nb6 31. f5 Rd8 32. f6+ 1-0

[Event "Warsaw-ch opA 65th"]
[Site "Warsaw"]
[Date "2012.06.02"]
[Round "8"]
[White "Kowalska, Elzbieta"]
[Black "Spicak, Krzysztof"]
[Result "0-1"]
[WhiteElo "1927"]
[BlackElo "2016"]
[PlyCount "180"]
[EventDate "2012.05.26"]
[EventType "swiss"]
[EventRounds "9"]
[EventCountry "POL"]
[SourceTitle "CBM 148 Extra"]
[Source "ChessBase"]
[SourceDate "2012.06.22"]
[SourceVersion "1"]
[SourceVersionDate "2012.06.22"]
[SourceQuality "1"]

1. e4 e6 2. d4 d5 3. e5 c5 4. c3 Qb6 5. Nf3 Bd7 6. Be2 Bb5 7. 0-0 Nc6 8. Bxb5 Qxb5 9. b3 cxd4 10. cxd4 Qb6 11. Nc3 Qa6 12. a4 Qb6 13. Rb1 a6 14. Be3 Nge7 15. g4 Nb4 16. Ng5 h6 17. Nh3 Nec6 18. Qd2 Qd8 19. f4 Qh4 20. Qg2 h5 21. g5 Qg4 22. Ne2 Nc2 23. Rf3 Qf5 24. Rd1 Nxe3 25. Rxe3 Qc2 26. Qf1 g6 27. Rc3 Qb2 28. Nf2 Qa3 29. Nd3 Qe7 30. Rdc1 Qd7 31. Nc5 Bxc5 32. Rxc5 0-0 33. Qe1 Rac8 34. Qc3 Rfd8 35. Kf2 Kf8 36. Rc2 Ne7 37. Qb4 Ke8 38. Qb6 Rc6 39. Rxc6 Nxc6 40. b4 Rc8 41. b5 axb5 42. Qxb5 Na7 43. Rxc8+ Nxc8 44. Qb4 Qc6 45. Nc3 Nb6 46. Ke2 Qc4+ 47. Qxc4 Nxc4 48. Kd3 Kd7 49. Kc2 Kc6 50. Kb3 Nd2+ 51. Kb4 Nf3 52. Nb5 Nxh2 53. Nd6 Nf3 54. Nxf7 h4 55. Nh6 h3 56. Ng4 Nxd4 57. Kc3 Ne2+ 58. Kd3 Nxf4+ 59. Ke3 Nh5 60. Kf3 Kc5 61. Nf6 h2 62. Kg2 Nf4+ 63. Kxh2 Nd3 64. Nd7+ Kd4 65. Kg3 Nxe5 66. Nf8 Ke4 67. Nxe6 Kf5 68. Nc7 d4 69. Kf2 Ke4 70. a5 Nd3+ 71. Ke2 Nc5 72. Ne8 d3+ 73. Kd1 Kd5 74. Nf6+ Kc4 75. Ng4 Kc3 76. Ne5 Na4 77. Nf3 Nb2+ 78. Ke1 Nc4 79. Kd1 d2 80. Ke2 Kc2 81. Nd4+ Kc1 82. Nb3+ Kc2 83. Nd4+ Kc3 84. Nf3 Nxa5 85. Nxd2 b5 86. Nb1+ Kd4 87. Kf3 b4 88. Kf4 Nc4 89. Kf3 Kd3 90. Kf4 b3 0-1

[Event "Warsaw-ch opA 65th"]
[Site "Warsaw"]
[Date "2012.05.29"]
[Round "4"]
[White "Guerrero Rodriguez, Alejandra"]
[Black "Kowalska, Elzbieta"]
[Result "1-0"]
[WhiteElo "2057"]
[BlackElo "1927"]
[PlyCount "75"]
[EventDate "2012.05.26"]
[EventType "swiss"]
[EventRounds "9"]
[EventCountry "POL"]
[SourceTitle "CBM 148 Extra"]
[Source "ChessBase"]
[SourceDate "2012.06.22"]
[SourceVersion "1"]
[SourceVersionDate "2012.06.22"]
[SourceQuality "1"]

1. e4 c5 2. c3 Nc6 3. d4 cxd4 4. cxd4 d6 5. Nc3 g6 6. Nf3 Bg7 7. Bc4 Nf6 8. h3 0-0 9. Bb3 Na5 10. Bc2 Bd7 11. 0-0 Rc8 12. Qe2 a6 13. Rd1 b5 14. a3 e6 15. Bg5 Qc7 16. Rac1 Bc6 17. b4 Nc4 18. a4 Qb7 19. axb5 axb5 20. Bd3 d5 21. e5 Ne4 22. Bxe4 dxe4 23. Nh2 h6 24. Bf6 Bxf6 25. exf6 Kh7 26. Ng4 g5 27. Re1 Nd6 28. Ne5 Bd5 29. Qh5 Rg8 30. Ne2 Rxc1 31. Rxc1 Rg6 32. Nxg6 fxg6 33. Qg4 Qf7 34. Qg3 Nc4 35. Ra1 Nb6 36. Qd6 Nc8 37. Qd8 Bb7 38. Rc1 1-0

[Event "Mazowiec-chT op 1112"]
[Site "Poland"]
[Date "2012.02.05"]
[Round "6.26"]
[White "Kowalska, Elzbieta"]
[Black "Gora, Joanna"]
[Result "1-0"]
[WhiteElo "1927"]
[BlackElo "1576"]
[PlyCount "43"]
[EventDate "2012.01.08"]
[EventType "team-swiss"]
[EventRounds "10"]
[EventCountry "POL"]
[SourceTitle "EXT 2019"]
[Source "ChessBase"]
[SourceDate "2018.10.10"]
[SourceVersion "1"]
[SourceVersionDate "2018.10.10"]
[SourceQuality "1"]

1. e4 c5 2. Nf3 g6 3. c4 Bg7 4. d4 cxd4 5. Nxd4 Nc6 6. Nc2 Nf6 7. Nc3 0-0 8. Be3 d6 9. f3 Bd7 10. Be2 Rc8 11. 0-0 Na5 12. Na3 Be6 13. b3 a6 14. Rc1 Nc6 15. Nab1 Bd7 16. Qd2 Bh8 17. Rfd1 Ne8 18. Nd5 Rb8 19. Bb6 Qc8 20. c5 Be6 21. cxd6 Nxd6 22. Nxe7+ 1-0

[Event "POL-chT3 Mazowiecki"]
[Site "Warsaw"]
[Date "2011.01.23"]
[Round "3.53"]
[White "Kowalska, Elzbieta"]
[Black "Rylska, Kamila"]
[Result "1-0"]
[WhiteElo "1925"]
[BlackElo "1252"]
[PlyCount "63"]
[EventDate "2011.01.09"]
[EventType "team-tourn"]
[EventRounds "10"]
[EventCountry "POL"]
[SourceTitle "EXT 2015"]
[Source "ChessBase"]
[SourceDate "2014.11.20"]
[SourceVersion "1"]
[SourceVersionDate "2014.11.20"]
[SourceQuality "1"]
[WhiteTeam "Warszawa Modus"]
[BlackTeam "Chylice UKS Szachylice II"]
[WhiteTeamCountry "POL"]
[BlackTeamCountry "POL"]

1. e4 e5 2. Nf3 Nc6 3. d4 exd4 4. Nxd4 Nf6 5. Nxc6 bxc6 6. e5 Nd5 7. Bd3 Bc5 8. Qg4 g6 9. Bh6 d6 10. Qe2 Qe7 11. c3 Qxe5 12. Qxe5+ dxe5 13. Bg7 Rg8 14. Bxe5 Kd8 15. 0-0 Re8 16. Bg3 Rb8 17. b4 Bd6 18. a4 c5 19. bxc5 Bxc5 20. Bb5 Re6 21. Rd1 c6 22. Bxb8 Ke7 23. Bf1 Rf6 24. Ra2 Bf5 25. c4 Bxb1 26. Rxb1 Nb4 27. Re1+ Kf8 28. Rd2 Bb6 29. Bd6+ Kg8 30. Re8+ Kg7 31. Bf8+ Kg8 32. Bh6# 1-0

[Event "POL-chT3 Mazowiecki"]
[Site "Warsaw"]
[Date "2011.01.09"]
[Round "1.52"]
[White "Marks, Zofia"]
[Black "Kowalska, Elzbieta"]
[Result "1/2-1/2"]
[WhiteElo "1982"]
[BlackElo "1925"]
[PlyCount "90"]
[EventDate "2011.01.09"]
[EventType "team-tourn"]
[EventRounds "10"]
[EventCountry "POL"]
[SourceTitle "EXT 2015"]
[Source "ChessBase"]
[SourceDate "2014.11.20"]
[SourceVersion "1"]
[SourceVersionDate "2014.11.20"]
[SourceQuality "1"]
[WhiteTeam "Zielonka Zieloni III"]
[BlackTeam "Warszawa Modus"]
[WhiteTeamCountry "POL"]
[BlackTeamCountry "POL"]

1. e4 c5 2. Nf3 Nc6 3. d4 cxd4 4. Nxd4 Nf6 5. Nc3 d6 6. Be2 e5 7. Nb3 a5 8. a4 Be7 9. Be3 0-0 10. 0-0 Nb4 11. f3 d5 12. exd5 Nfxd5 13. Nxd5 Nxd5 14. Bf2 b6 15. Re1 Be6 16. Bc4 Bf6 17. Bxd5 Bxd5 18. Kh1 Rb8 19. Bg3 Re8 20. Nd2 Rb7 21. Ra3 Rd7 22. Rd3 Bc6 23. Ne4 Bxa4 24. Nxf6+ gxf6 25. Rxd7 Qxd7 26. Qxd7 Bxd7 27. Rd1 Bf5 28. c3 Re6 29. Rd5 Rc6 30. Bf2 a4 31. Be3 Kg7 32. Bd2 Be6 33. Rd8 Rc5 34. Be3 Rb5 35. Rd2 Rb3 36. h3 f5 37. f4 e4 38. Kg1 Kg6 39. Kf2 h5 40. Bd4 a3 41. bxa3 Rxa3 42. Rb2 Rb3 43. Rxb3 Bxb3 44. Bxb6 Kf6 45. Bc7 Ke6 1/2-1/2

[Event "Mazowiec-chT 0910"]
[Site "Mazowsze"]
[Date "2010.01.17"]
[Round "4.20"]
[White "Herman, Monika"]
[Black "Kowalska, Elzbieta"]
[Result "0-1"]
[WhiteElo "1695"]
[BlackElo "1896"]
[PlyCount "98"]
[EventDate "2009.11.29"]
[EventType "team-tourn"]
[EventRounds "11"]
[EventCountry "POL"]
[SourceTitle "EXT 2011"]
[Source "ChessBase"]
[SourceDate "2010.11.26"]
[SourceVersion "1"]
[SourceVersionDate "2010.11.26"]
[SourceQuality "1"]

1. e4 c5 2. c3 Nf6 3. e5 Nd5 4. d4 cxd4 5. Qxd4 e6 6. Nf3 Nc6 7. Qe4 f5 8. exf6 Nxf6 9. Qh4 Qa5 10. Be2 Ne5 11. Qg3 Ng6 12. Bd3 Qh5 13. Bxg6+ Qxg6 14. Qxg6+ hxg6 15. Ne5 Bd6 16. Nxg6 Rh5 17. Nf4 Rf5 18. Nd3 b6 19. Nd2 Bb7 20. f3 0-0-0 21. Nc4 Bc7 22. Ne3 Rh5 23. Kf2 Ba6 24. Nb4 Bb7 25. h3 e5 26. Bd2 e4 27. Ng4 exf3 28. gxf3 Rdh8 29. Nxf6 gxf6 30. Nd3 Rxh3 31. Rxh3 Rxh3 32. Ne1 f5 33. Rd1 a5 34. Be3 b5 35. Bd4 a4 36. Rd3 Bd5 37. a3 Bc4 38. Re3 Rh1 39. Re8+ Kb7 40. Re7 Kc6 41. Ng2 Rb1 42. Ne3 Rxb2+ 43. Kg1 Be6 44. Rg7 Ra2 45. Rg6 Kb7 46. Bc5 Bf4 47. Ng2 Bc1 48. Ne1 Bxa3 49. Nd3 Bb2 0-1

[Event "Milanowek op"]
[Site "Milanowek"]
[Date "2009.06.20"]
[Round "1"]
[White "Kowalska, Elzbieta"]
[Black "Kanach, Jerzy"]
[Result "1-0"]
[WhiteElo "1910"]
[BlackElo "1430"]
[PlyCount "91"]
[EventDate "2009.06.20"]
[EventType "swiss"]
[EventRounds "9"]
[EventCountry "POL"]
[SourceTitle "CBM 131 Extra"]
[Source "ChessBase"]
[SourceDate "2009.09.03"]
[SourceVersion "2"]
[SourceVersionDate "2009.09.16"]
[SourceQuality "1"]

1. e4 e5 2. Nf3 Nc6 3. d4 Bd6 4. d5 Nce7 5. Nc3 Nf6 6. Bd3 0-0 7. 0-0 Ng6 8. Nb5 Be7 9. c4 d6 10. h3 a6 11. Nc3 c6 12. b4 Bd7 13. Be3 b6 14. dxc6 Bxc6 15. a4 Bd7 16. Qd2 Kh8 17. Rfd1 Be6 18. Bf1 Rc8 19. c5 bxc5 20. bxc5 Rc6 21. Qc2 Nd7 22. cxd6 Bxd6 23. Qb2 Qa5 24. Nd5 f5 25. Bd2 Qd8 26. Ng5 Bg8 27. exf5 Rxf5 28. Be3 e4 29. Nb4 Qb8 30. Rab1 Rc8 31. Nxe4 Be5 32. Qd2 Nf6 33. Nxf6 Rxf6 34. Nd5 Qd6 35. Nxf6 Qxf6 36. Rb6 Rc6 37. Rdb1 Bc7 38. Rxc6 Qxc6 39. Rc1 Qb7 40. Qc3 Be5 41. Qc6 Qf7 42. Bxa6 Qf5 43. Qc8 Ne7 44. Qxf5 Nxf5 45. Rc5 Nxe3 46. Rxe5 1-0

[Event "Warsaw City-ch"]
[Site "Warsaw"]
[Date "2008.09.30"]
[Round "4"]
[White "Bernacki, Gabriel"]
[Black "Kowalska, Elzbieta"]
[Result "1/2-1/2"]
[WhiteElo "1902"]
[BlackElo "1936"]
[PlyCount "115"]
[EventDate "2008.09.27"]
[EventType "swiss"]
[EventRounds "9"]
[EventCountry "POL"]
[SourceTitle "EXT 2010"]
[Source "ChessBase"]
[SourceDate "2010.11.25"]
[SourceVersion "1"]
[SourceVersionDate "2010.11.25"]
[SourceQuality "1"]

1. e4 c5 2. Nc3 Nc6 3. Bb5 e6 4. Bxc6 bxc6 5. f4 d5 6. d3 d4 7. Nb1 a5 8. a4 f5 9. e5 Ne7 10. Nf3 Nd5 11. Na3 Ba6 12. 0-0 Be7 13. Bd2 0-0 14. Kh1 Rb8 15. b3 Rf7 16. Nc4 Bxc4 17. dxc4 Nb4 18. Bxb4 Rxb4 19. Ne1 Qf8 20. Nd3 Rb7 21. Qd2 Ra7 22. Rf3 g6 23. Raf1 Rg7 24. Rg3 Qd8 25. Rgf3 h6 26. g3 g5 27. Rg1 g4 28. Rf2 h5 29. h3 Bf8 30. Rh2 Rh7 31. Kg2 Rag7 32. Kf1 Be7 33. Qg2 Qd7 34. Rgh1 Bf8 35. hxg4 hxg4 36. Rxh7 Rxh7 37. Rxh7 Kxh7 38. Qh1+ Kg7 39. Ke2 Be7 40. Qe1 Qd8 41. Qh1 Qe8 42. Kd2 Qh8 43. Qxc6 Qh2+ 44. Kc1 Qxg3 45. Qxe6 Qh4 46. Qc6 g3 47. Qg2 Qh2 48. Ne1 Qxg2 49. Nxg2 Kg6 50. Kd1 Kh5 51. Ke1 Kg4 52. Ke2 Kh3 53. Kf3 Kh2 54. e6 Kh3 55. Ne1 Kh2 56. Ng2 Kh3 57. Ne1 Kh2 58. Ng2 1/2-1/2